Uso de la grabadora en el aula
Sábháilte in:
| Príomhchruthaitheoirí: | , |
|---|---|
| Formáid: | LEABHAR |
| Teanga: | Spáinnis |
| Foilsithe / Cruthaithe: |
Ciudad de México
CRAT
1971
|
| Sraith: | Materiales Audiovisuales Guías para el Maestro
|
| Ábhair: | |
| Clibeanna: |
Cuir clib leis
Níl clibeanna ann, Bí ar an gcéad duine le clib a chur leis an taifead seo!
|
MARC
| LEADER | 00000nam a2200000 a 4500 | ||
|---|---|---|---|
| 001 | UCU0352 | ||
| 003 | CL-VaPUC | ||
| 008 | 960322e19710000MX |||||||||||||||||spa|d | ||
| 082 | 0 | 4 | |a 371.335 |b SLO |2 21 |
| 100 | 0 | |a Sloan, Robert |e author |9 355418 | |
| 700 | 0 | |a Santoyo, Luis G |e author |9 355419 | |
| 245 | 1 | 0 | |a Uso de la grabadora en el aula |
| 300 | |a 63 p | ||
| 942 | |c BK | ||
| 945 | |d 19960322 00:00:00 |a cmena | ||
| 260 | |a Ciudad de México |b CRAT |c 1971 | ||
| 650 | 7 | |a MATERIAL DIDACTICO |2 CL-VaPUC |9 355420 | |
| 650 | 7 | |a MATERIAL AUDIOVISUAL |2 CL-VaPUC |9 308466 | |
| 650 | 0 | |a Tecnología educacional |9 307265 | |
| 650 | 7 | |a EQUIPO ACUSTICO |2 CL-VaPUC |9 355421 | |
| 650 | 0 | |a Medios de comunicación |9 257206 | |
| 650 | 0 | |a Métodos de enseñanza |9 270413 | |
| 583 | |a last modification |c 19960322 00:00:00 |k Rodrigo Vera | ||
| 490 | 0 | |a Materiales Audiovisuales Guías para el Maestro | |
| 999 | |c 245212 |d 245210 | ||
| 952 | |0 0 |1 0 |4 0 |6 371_335000000000000_SLO_1971 |7 0 |8 P |9 259660 |a BIBEDU |b BIBEDU |c BIBEDU_PB |d 2019-11-19 |i 1632426 |o 371.335 SLO 1971 |p 1632426 |r 2024-01-25 |w 2019-11-19 |y BK |k EDU | ||
| 952 | |0 0 |1 0 |4 0 |6 371_335000000000000_SLO_1971 |7 0 |8 P |9 259661 |a BIBEDU |b BIBEDU |c BIBEDU_PB |d 2019-11-19 |i 1632345 |o 371.335 SLO 1971 |p 1632345 |r 2024-01-25 |w 2019-11-19 |y BK |k EDU | ||